000 00540nam a2200181Ia 4500
999 _c3674
_d3674
003 OSt
005 20200813102901.0
008 190216s9999||||xx |||||||||||||| ||und||
020 _a9788173816512
040 _coclc
082 _a547
_bDAS/P
100 _aDas, Tanya
_94087
245 0 _aPractical Organic Chemistry For The Beginners /
_cTanya Das ; Amalendu Banerjee
260 _bNew Central Book Agencies,
_c2011.
_aLondon:
300 _a222p
650 _aChemistry
942 _cBK
_2ddc
_h547
_iDAS/P
_k547
_mDAS/P